CO MOŻNA DRZEĆ? - Statystyki

Ogólne statystyki
  • Ten quiz został rozwiązany 40 razy
    11 od ostatniego zresetowania
  • Średni wynik to 2 z 6
Statystyki odpowiedzi
Odpowiedź % Poprawnych
RYJA
78%
KOTY
56%
JAPĘ
44%
KARTKĘ PAPIERU
11%
ŁACHA
0%
SZATY
0%
Nie znaleziono quizów pasujących do podanych kryteriów
Rozkład punktacji
Procent ludzi z każdym wynikiem
Percentyl według liczby udzielonych odpowiedzi
Twoja historia wyników
Nie rozwiązałeś tego quizu od ostatniego zresetowania